000 00608nam a2200229Ia 4500
003 OSt
005 20221005133328.0
006 a|||||r|||| 00| 0
007 ta
008 221004b |||||||| |||| 00| 0 eng d
024 _a71084
037 _cTextual
040 _aCRL
_cCRL
_beng
041 _2eng
_aeng
082 _aY131:1:7:236:N3, G4
100 _aDarling Malcolm Lyall
_9130819
245 0 _aWisdom and waste in the Punjab village
260 _c1934
650 _aSOCIOLOGY
942 _hY131:1:7:236:N3, G4
_cTEXL
_2cc
999 _c1066501
_d1066501